Thyristors et triacs : les semi conducteurs à avalanche et leurs applications (Record no. 10457)

MARC details
000 -LEADER
fixed length control field 00591 a2200229 4500
035 ## - SYSTEM CONTROL NUMBER
System control number 12949
020 ## - NUMERO INTERNATIONAL NORMALISE DES LIVRES
International Standard Book Number 2-86661-051-2
100 ## - VEDETTE PRINCIPALE - NOM DE PERSONNE
Personal name HAY, Jef
130 ## - VEDETTE PRINCIPALE - TITRE UNIFORME
Language of a work Fr.
260 ## - PUBLICATION, DISTRIBUTION, ETC. (IMPRINT)
Place of publication, distribution, etc [Paris]
260 ## - PUBLICATION, DISTRIBUTION, ETC. (IMPRINT)
Name of publisher, distributor, etc Publitronic
245 ## - TITLE STATEMENT
Title Thyristors et triacs : les semi conducteurs à avalanche et leurs applications
260 ## - PUBLICATION, DISTRIBUTION, ETC. (IMPRINT)
Date of publication, distribution, etc 1998
250 ## - EDITION STATEMENT
Edition statement 2e tir.
300 ## - PHYSICAL DESCRIPTION
Extent 283 p.
300 ## - PHYSICAL DESCRIPTION
Other physical details fig. ; 24 cm.
650 ## - SUBJECT ADDED ENTRY--TOPICAL TERM
Topical term or geographic name as entry element <Thyristors><Triacs><Circuits électroniques>
Holdings
Withdrawn status Lost status Damaged status Not for loan Location (home branch) Sublocation or collection (holding branch) Date acquired Source of acquisition Koha issues (times borrowed) Koha full call number Piece designation (barcode) Koha out on loan Koha date last seen Koha date last borrowed Copy number Price effective from Koha item type
        Bibliothèque Ecole Polytechnique d'Abomey-Calavi Bibliothèque Ecole Polytechnique d'Abomey-Calavi 27/02/2009 EPAC 1 621.381528/H412t 13314EPAC 24/03/2014 17/03/2014 17/03/2014 1 27/02/2009 Livre


© 2008, Bibliothèques de l'Université d'Abomey-Calavi

04 BP 789 Cotonou, Tél. : +229 21 36 01 01, Fax : +229 21 35 06 32

Courriel : bu@bu.uac.bj